| 000 | 01057nam0a2200289 4500 | ||
|---|---|---|---|
| 001 | RU\NLR\bibl\15262 | ||
| 005 | 20250615013002.0 | ||
| 021 |
_aRU _b98-32319 _91535 |
||
| 035 | _a(NLR Aleph) 000014898 | ||
| 090 |
_a60694 _c60694 |
||
| 100 | _a19990309d1997 |||y0rusy50 ca | ||
| 101 | 0 | _arus | |
| 102 | _aRU | ||
| 105 | _a||||||||||||| | ||
| 200 | 1 |
_aОчерки политической истории Чечни (ХХ век) _eВ 2 ч. _fДжабраил Гакаев д.и.н., проф. _gЧеч. культ. центр |
|
| 210 |
_aМ. _cИзд-во ЧКЦ _d1997 |
||
| 215 |
_a473 с. _d21 |
||
| 320 | _aБиблиогр. в подстроч. прим. | ||
| 607 |
_aЧеченская Республика _xИстория _z20 в. _92081207 _3RU\NLR\auth\661257174 |
||
| 686 | _aТ3(2Р-6Че)7,02 | ||
| 700 | 1 |
_aГакаев _bД. Д. _gДжабраил Джоколаевич _4070 |
|
| 801 | 0 |
_aRU _bNLR _c19990309 _gPSBO |
|
| 801 | 1 |
_aRU _bNLR _c19990309 |
|
| 852 |
_aNLR _j98-3/10340 |
||
| 942 | _cBOOK | ||
| 980 | _aNB | ||